Por un sueño en.red.ado: una historia de Internet en Costa Rica (1990-2005) /
Na minha lista:
| Autor principal: | |
|---|---|
| Formato: | Texto |
| Idioma: | Spanish |
| Tags: |
Adicionar Tag
Sem tags, seja o primeiro a adicionar uma tag!
|
MARC
| LEADER | 00000 a a2200000 04500 | ||
|---|---|---|---|
| 001 | 40087 | ||
| 003 | cru CRAI/IIS | ||
| 005 | 20210305130628.0 | ||
| 008 | 210305b ||||| |||| 00| 0 spa d | ||
| 040 | |c cru CRAI/IIS | ||
| 100 | |a Sandoval García, Carlos | ||
| 245 | |a Por un sueño en.red.ado: |b una historia de Internet en Costa Rica (1990-2005) / |c Carlos Sandoval García | ||
| 500 | |a Reseña de libro. Ignacio Siles González. San José: Editorial de la Universidad de Costa Rica, 2008 páginas 244 | ||
| 773 | |g volumen33 ( 2007), páginas 401-405 | ||
| 773 | 0 | |0 18765 |9 5217 |a Universidad de Costa Rica. |d San José, Costa Rica: Editorial Universidad de Costa Rica, 1974- |o 09560 |t Anuario de Estudios Centroamericanos / |x 03777316 | |
| 942 | |2 ddc |c PP | ||
| 999 | |c 28953 |d 28953 | ||
